Score 0/28 Timer 10:00
0 Plays Today
% Correct
03 I remember thinking it would take a man six hundred years
92.7%
01 In 1966, Andy Dufresne escaped from Shawshank Prison.
91.8%
02 a bar of soap, and an old rock-hammer
88.7%
18 Andy crawled to freedom through five hundred yards of
80.8%
17 I mean, seriously,
77.3%
14 I guess after Tommy was killed,
77.2%
22 a man nobody ever laid eyes on before strolled
75.2%
24 He had all the proper I.D.
74.7%
23 Until that moment, he didn't exist
73%
21 The next morning, right about the time
72.4%
20 The length of five football fields.
71.8%
04 Andy did it in less than twenty.
70.8%
11 totin' his wall
70.1%
08 That's all it takes, really.
70%
% Correct
15 [skipped dialogue] Andy did like he was told.
69.3%
16 The guard simply didn't notice.
67.7%
09 Like I said.
67.5%
27 with better than
64.4%
25 The signature was a spot-on match. [skipped dialogue]
63.8%
05 I imagine it appealed to his meticulous nature.
62.2%
19 Or maybe I just don't want to.
62.2%
10 his mind occupied.
59.2%
06 a million years of mountain-building there,
57.9%
26 in the Portland area that morning.
56.5%
28 Severance pay
53.8%
07 a span of millennia...
52.6%
13 Andy spent years workin' the nightshift.
37.5%
12 a handful at a time...
36.9%
Remove Ads.
Support Sporcle.
Get the best of Sporcle when you Go Orange. This ad-free experience offers more features, more stats, and more fun while also helping to support Sporcle. Thank you for becoming a member.

You're not logged in!

Compare scores with friends on all Sporcle quizzes.
OR
Log In

Show Comments

Extras

Top Quizzes Today


Score Distribution

Your Account Isn't Verified!

In order to create a playlist on Sporcle, you need to verify the email address you used during registration. Go to your Sporcle Settings to finish the process.

Report this User

Report this user for behavior that violates our Community Guidelines.

Details: